| 000 | 00621cam a22002293a 4500 | ||
|---|---|---|---|
| 001 | 32037 | ||
| 003 | PGUSA | ||
| 005 | 20140828083707.0 | ||
| 008 | 100418s2010||||xxu|||||s|||||000 | eng d | ||
| 040 |
_aPGUSA _beng |
||
| 042 | _adc | ||
| 050 | 4 | _aPS | |
| 100 | 1 |
_aPoe, Edgar Allan, _d1809-1849 |
|
| 245 | 1 | 0 |
_aEureka : _bA Prose Poem _h[electronic resource] / _cEdgar Allan Poe |
| 260 |
_bProject Gutenberg, _c2010 |
||
| 506 | _aPublic domain in the USA. | ||
| 516 | _aElectronic text | ||
| 653 | _aCosmology | ||
| 830 | 0 |
_aProject Gutenberg _v32037 |
|
| 856 | 4 | 0 | _uhttp://www.gutenberg.org/ebooks/32037 |
| 942 | _cEB | ||
| 999 |
_c261292 _d261292 |
||